• 首页
  • 本馆介绍
  • 公告通知
  • 最新文献
  • 馆藏检索
  • 电子资源
  • 读者导购
  • 参考咨询
  • 我的图书馆
  • 登录
  • 详细信息显示
  • 放入我的书架
  • 预约/预借图书
  • 作者相关作品
  • 分类相关作品
  • 丛书相关作品
  • 出版社相关作品

书目信息

  • 表格格式
  • 工作单格式
  • 卡片格式
题名:
集成稳压器
    
 
作者: 曲学基 编
分册:  
出版信息: 北京   电子工业出版社  1989.1
页数: 263页
开本: 19cm
丛书名: 集成电路应用丛书
单 册:
中图分类: TM44
科图分类:
主题词: 集成电路-稳压器 , 稳压器-集成电路
电子资源:
ISBN: 7-5053-0401-1
000 00865nam2 2200289 45
001 0189011685
005 20040521143950.0
010    @a7-5053-0401-1@dCNY3.70
020    @aCN@b89011685
100    @a19910105d1989 m y0chiy0120 ea
101 0  @achi
102    @aCN@b110000
105    @ay z 000yy
106    @ar
200 10 @a集成稳压器@Aji cheng wen ya qi@f曲学基等编@Fqu xue ji deng bian
210    @a北京@c电子工业出版社@d1989.1
215    @a263页@d19cm
225 2  @a集成电路应用丛书
330    @a本书叙述了用集成稳压器设计稳压稳流源的方法和步骤,共例举了一百三十六个设计和应用实例。
410  0 @120010@a集成电路应用丛书
540 1  @a集成稳压器@Aji cheng wen ya qi
606    @a集成电路-稳压器
606    @a稳压器-集成电路
690    @aTM44@v3
701  0 @a曲学基@Aqu xue ji@4编
801  0 @aCN@bNLC@c19910105
905    @f1@b225897@dTM44@e19
    
    集成稳压器/曲学基等编.-北京:电子工业出版社,1989.1
    263页;19cm.-(集成电路应用丛书)
    
    
    ISBN 7-5053-0401-1:CNY3.70
    本书叙述了用集成稳压器设计稳压稳流源的方法和步骤,共例举了一百三十六个设计和应用实例。
●
相关链接 在E读中查询图书 在五车中查询图书 在当当中查询图书 在豆瓣中查询图书


正题名:集成稳压器     索取号:TM44/19         预约/预借

序号 登录号 条形码 馆藏地/架位号 状态 备注
1 0225897   001344780   第三借阅区/ [索取号:TM44/19] 在馆    
2 0225898   001344824   第二样本阅览室/ [索取号:TM44/19] 在馆    
唐山师范学院图书馆 欢迎您!
大连网信软件有限公司© 版权所有